STN EN 15304: 2008 [neplatná] (73 1365) Stanovenie mrazuvzdornosti autoklávovaného pórobetónu
Norma je slovenskou verziou EN 15304: 2007
| Main Authors: | , |
|---|---|
| Corporate Author: | |
| Format: | Book |
| Language: | Slovak English |
| PhysicalDescription: | 16 s. obr. 30 cm |
| Published: |
Bratislava
Slovenský ústav technickej normalizácie
2008
|
| Subjects: |
MARC
| LEADER | 00000nam a2200000 a 4500 | ||
|---|---|---|---|
| 001 | vtls009811776 | ||
| 003 | SK-MaSNL | ||
| 005 | 20260302080816.0 | ||
| 008 | 130117s2008 xo a f u 000 0 slo | ||
| 015 | |a SNBN2010/04-02336 | ||
| 020 | |c (cen. skup. 11) | ||
| 035 | |a (SVKBBclas03)vtls000282127 | ||
| 040 | |a SNK |b slo |c SNK |e AACR2 | ||
| 041 | 1 | |a slo |h eng | |
| 044 | |a xo |c SK | ||
| 046 | |a m |m 200801 (účin.) |n 201011 | ||
| 072 | 7 | |a 691 |x Stavebné hmoty |2 konspekt | |
| 072 | 7 | |a 666 |x Sklárstvo. Keramika. Cement |2 konspekt | |
| 080 | |a 691.327.332 |2 2001 | ||
| 080 | |a 666.973.6 |2 2001 | ||
| 080 | |a 620.178 |2 2001 | ||
| 080 | |a 006.86 |2 2001 | ||
| 080 | |a (4)CEN |2 2001 | ||
| 080 | |a (437.6) |2 2001 | ||
| 084 | |a 91.100.30 |2 ICS | ||
| 130 | 0 | |a STN 73 1365 [neplatná] (STN EN 15304) |9 745423 | |
| 245 | 1 | 0 | |a STN EN 15304: 2008 [neplatná] (73 1365) Stanovenie mrazuvzdornosti autoklávovaného pórobetónu |c spracovateľ Ústav stavebníctva a architektúry SAV Bratislava, Ján Jerga, Martin Križma |
| 246 | 1 | |a Stanovenie mrazuvzdornosti autoklávovaného pórobetónu | |
| 246 | 3 | |a EN 15304: 2007 E | |
| 260 | |a Bratislava |b Slovenský ústav technickej normalizácie |c 2008 | ||
| 300 | |a 16 s. |b obr. |c 30 cm | ||
| 500 | |a Norma je nahradená normou STN EN 15304 z novembra 2010 v celom rozsahu | ||
| 504 | |a Citované normy a súvisiace právne predpisy: s. 2; literatúra: s. 16. | ||
| 520 | 8 | |a Norma je slovenskou verziou EN 15304: 2007 | |
| 540 | |a STN vydané na akomkoľvek nosiči sa môžu rozmnožovať a rozširovať iba so súhlasom určenej právnickej osoby |b SÚTN Bratislava |c zákon 264/1999 Z.z. | ||
| 546 | |a Normatívne odkazy a literatúra aj v angličtine | ||
| 650 | 0 | 7 | |a pórobetón |2 SVKBBPH |9 28204 |
| 650 | 0 | 7 | |a autoklávovaný pórobetón |2 SVKBBPH |9 745424 |
| 650 | 0 | 7 | |a mrazuvzdornosť |2 SVKBBPH |9 745425 |
| 650 | 0 | 7 | |a technické normy a štandardy |z Slovensko |2 SNKPH |9 79594 |
| 650 | 0 | 7 | |a technické normy a štandardy |z krajiny Európskej únie |2 SNKPH |9 289341 |
| 655 | 7 | |a normy |2 SNKPH |9 70643 | |
| 700 | 1 | |a Jerga, Ján |4 trl |4 aut |9 540331 | |
| 700 | 1 | |a Križma, Martin |4 trl |4 aut |9 7528 | |
| 710 | 2 | |a Slovenská akadémia vied. |b Ústav stavebníctva a architektúry |4 aut |9 89917 | |
| 710 | 2 | |a Slovenský ústav technickej normalizácie (Bratislava, Slovensko). |b TK 5 Betónové konštrukcie |4 stn |9 325766 | |
| 774 | 1 | 8 | |t STN EN 15304: 2010 |d Bratislava: Slovenský ústav technickej normalizácie, 2010 |w vtlss0100187996 |
| 958 | |a OP | ||
| 958 | |a NB | ||
| 999 | |c 1174474 |d 1176404 | ||
| 952 | |a SNK |b SNK |y PREZ |7 0 |p 17A0586903 |o snkSTN EN 15304 |i snk2008/9411 |8 0 |0 0 |1 0 |4 0 |d 2008-04-25 |l 0 |r 2026-02-24 21:17:47 |w 2026-02-24 | ||
| 952 | |a SNK |b SNK |y PREZ |7 0 |p 17A0586902 |o snkSTN EN 15304 D1 |i snk2008/9412 |8 0 |0 0 |1 0 |4 0 |d 2008-04-25 |l 0 |r 2026-02-24 21:17:47 |w 2026-02-24 | ||


